[Event "2nd President's Cup"]
[Site "Baku AZE"]
[Date "2007.05.08"]
[Round "6"]
[White "Dovliatov,S"]
[Black "Mammadov,A"]
[Result "1-0"]
[WhiteElo "2438"]
[BlackElo "2225"]
[EventDate "2007.05.03"]

1. e4 e6 2. d4 d5 3. Nd2 Nf6 4. e5 Nfd7 5. c3 c5 6. Bd3 b6 7. Nh3 Ba6 8.
Bxa6 Nxa6 9. O-O b5 10. Nf4 c4 11. Qg4 Nc7 12. h4 h5 13. Qg3 Nb6 14. Nf3
Qd7 15. Ng5 Be7 16. Re1 Bxg5 17. Qxg5 g6 18. Nh3 Qe7 19. Qg3 Kd7 20. Re3
Ne8 21. Rf3 Ng7 22. Bg5 Qe8 23. Bf6 Rg8 24. Bxg7 Rxg7 25. Qf4 Qe7 26. Qh6
Qf8 27. Qf4 Qe7 28. Ng5 Ke8 29. Kh2 Rb8 30. Qf6 Qxf6 31. exf6 Rg8 32. Nxe6
fxe6 33. f7+ Ke7 34. fxg8=Q Rxg8 35. Re1 Rd8 36. Rfe3 Rd6 37. f3 Nd7 38. g4
Nf6 39. Kg3 Kf7 40. Kf4 Ra6 41. Re5 hxg4 42. fxg4 Rxa2 43. Rxe6 Rxb2 44.
Re7+ Kf8 45. Rxa7 Rf2+ 46. Kg5 Ne4+ 47. Kxg6 b4 48. cxb4 c3 49. g5 c2 50.
Rc7 Nd6 51. Ra1 Ne8 52. Ra8 Re2 53. b5 Re6+ 54. Kf5 Re7 55. Rxc2 1-0

[Event "2nd President's Cup"]
[Site "Baku AZE"]
[Date "2007.05.08"]
[Round "6"]
[White "Zarkua,D"]
[Black "Mammadov,F"]
[Result "0-1"]
[WhiteElo "2390"]
[BlackElo "2222"]
[EventDate "2007.05.03"]

1. c4 Nf6 2. Nc3 g6 3. g3 Bg7 4. Bg2 O-O 5. Nf3 d6 6. d4 Nbd7 7. O-O e5 8.
h3 c6 9. dxe5 dxe5 10. Be3 Qe7 11. Qb3 Re8 12. Rfd1 Nc5 13. Qa3 Bf8 14.
Rac1 a5 15. Nd2 Be6 16. Nd5 cxd5 17. cxd5 Bxd5 18. Bxc5 Qe6 19. Bxd5 Nxd5
20. Bxf8 Rxf8 21. Qb3 a4 22. Qb5 Nf6 23. Nc4 Qxh3 24. Qxb7 e4 25. Ne3 Ra5
26. Rd5 Rxd5 27. Nxd5 Ng4 28. Ne7+ Kh8 0-1

[Event "2nd President's Cup"]
[Site "Baku AZE"]
[Date "2007.05.08"]
[Round "6"]
[White "Shukurova,M"]
[Black "Kadimova,I"]
[Result "1/2-1/2"]
[WhiteElo "2193"]
[BlackElo "2339"]
[EventDate "2007.05.03"]

1. e4 c6 2. d4 d5 3. Nc3 dxe4 4. Nxe4 Bf5 5. Ng3 Bg6 6. h4 h6 7. Nf3 Nd7 8.
h5 Bh7 9. Bd3 Bxd3 10. Qxd3 e6 11. Bd2 Ngf6 12. c4 Qc7 13. O-O-O Bd6 14.
Ne4 Bf4 15. Kb1 Bxd2 16. Nfxd2 O-O 17. Qf3 c5 18. dxc5 Nxe4 19. Nxe4 Nxc5
20. Nc3 a6 21. g4 Rad8 22. Qe3 Nd7 23. b3 Qe5 24. Rhe1 Qxe3 25. Rxe3 Nf6
26. f3 Rxd1+ 27. Nxd1 Rd8 28. Kc2 Kf8 29. Nc3 Ke7 30. a3 Rd4 31. Ne2 Rd8
32. Nf4 Nd7 1/2-1/2

[Event "2nd President's Cup"]
[Site "Baku AZE"]
[Date "2007.05.08"]
[Round "6"]
[White "Djavadov,R"]
[Black "Davidov,S"]
[Result "0-1"]
[WhiteElo "2188"]
[BlackElo "2326"]
[EventDate "2007.05.03"]

1. d4 d5 2. Nf3 Nf6 3. e3 e6 4. Bd3 c5 5. c3 Nc6 6. Nbd2 Be7 7. O-O O-O 8.
Qe2 Qc7 9. dxc5 Bxc5 10. e4 dxe4 11. Nxe4 Nxe4 12. Qxe4 f5 13. Qc4 Bd6 14.
Re1 Kh8 15. Qh4 Ne5 16. Nxe5 Bxe5 17. Bg5 h6 18. h3 Kg8 19. Be7 Re8 20. Ba3
Bd7 21. Qc4 Bc6 22. Qc5 Bh2+ 23. Kh1 Rad8 24. Bc4 b6 25. Qb4 Rd2 26. Re2 a5
27. Qb3 a4 28. Qb4 Bd6 29. Rxe6 Bxg2+ 30. Kxg2 Qb7+ 31. Re4+ Kh8 32. Kg1
Qxe4 0-1

[Event "2nd President's Cup"]
[Site "Baku AZE"]
[Date "2007.05.08"]
[Round "6"]
[White "Orujov,E"]
[Black "Velikhanli,F"]
[Result "0-1"]
[WhiteElo "2185"]
[BlackElo "2310"]
[EventDate "2007.05.03"]

1. e4 d6 2. d4 Nf6 3. Nc3 g6 4. Bc4 Bg7 5. Qe2 O-O 6. e5 Nfd7 7. e6 fxe6 8.
Bxe6+ Kh8 9. Nf3 Nc6 10. Be3 Nb6 11. Ng5 Nxd4 12. Bxd4 Bxd4 13. O-O-O Bxc3
14. bxc3 Qe8 15. Rd4 Bxe6 16. Nxe6 Rf5 17. Nxc7 Qc6 18. Nxa8 Qxc3 19. Qe3
Qa1+ 20. Kd2 Qxh1 21. Nxb6 axb6 22. Qc3 Rxf2+ 23. Ke3 Rf6 24. Rxd6 Qg1+ 25.
Ke4 Qxg2+ 26. Ke5 0-1

[Event "2nd President's Cup"]
[Site "Baku AZE"]
[Date "2007.05.08"]
[Round "6"]
[White "Guseinov,El"]
[Black "Allahverdiev,E"]
[Result "1-0"]
[WhiteElo "2457"]
[BlackElo "2124"]
[EventDate "2007.05.03"]

1. e4 e6 2. d3 d5 3. Nd2 Nf6 4. Ngf3 c5 5. g3 Nc6 6. Bg2 Be7 7. O-O O-O 8.
Re1 b5 9. Qe2 Re8 10. e5 Nd7 11. Nf1 Bb7 12. h4 Qc7 13. Bf4 Rac8 14. c3 d4
15. h5 Bf8 16. h6 g6 17. N1h2 dxc3 18. bxc3 Ne7 19. Ng4 Nd5 20. Bd2 c4 21.
Ng5 cxd3 22. Qxd3 Qc4 23. Qf3 Re7 24. Ne4 Qc6 25. a4 a6 26. axb5 axb5 27.
Ra7 Nc5 28. Nd6 Rcc7 29. Bg5 Nxc3 30. Qxc6 Bxc6 31. Bxe7 Rxe7 32. Nf6+ Kh8
33. Nxf7+ 1-0

[Event "2nd President's Cup"]
[Site "Baku AZE"]
[Date "2007.05.08"]
[Round "6"]
[White "Idrisov,T"]
[Black "Mamedjarova,T"]
[Result "1-0"]
[WhiteElo "2127"]
[BlackElo "2293"]
[EventDate "2007.05.03"]

1. d4 Nf6 2. c4 g6 3. Nc3 Bg7 4. e4 d6 5. f3 O-O 6. Bg5 Nc6 7. Nge2 h6 8.
Be3 e5 9. d5 Ne7 10. Qd2 Kh7 11. O-O-O Ne8 12. Kb1 a6 13. Nc1 Bd7 14. Nb3
f5 15. c5 a5 16. cxd6 cxd6 17. Rc1 a4 18. Na1 Nf6 19. Be2 fxe4 20. fxe4 b5
21. Nc2 Rc8 22. Bd3 Qa5 23. a3 Qd8 24. Nb4 Qe8 25. Qe2 Rb8 26. Nca2 Rb7 27.
Na6 g5 28. Rc7 Rxc7 29. Nxc7 Qg6 30. Nc3 Rc8 31. Bb6 Bg4 32. Qe3 b4 33.
axb4 Ne8 34. Nxe8 Qxe8 35. Rc1 Bd7 36. b5 Ng6 37. Ba7 Nf4 38. b6 Nxg2 39.
Qf2 Nf4 40. Ba6 Rd8 41. b7 Bf6 42. Qb6 Rb8 43. Bxb8 Qxb8 44. Nb5 1-0

[Event "2nd President's Cup"]
[Site "Baku AZE"]
[Date "2007.05.09"]
[Round "7"]
[White "Zubarev,Al1"]
[Black "Mamedov,Nid"]
[Result "1/2-1/2"]
[WhiteElo "2511"]
[BlackElo "2547"]
[EventDate "2007.05.03"]

1. e4 c5 2. Nf3 d6 3. d4 cxd4 4. Nxd4 Nf6 5. Nc3 Nc6 6. Bg5 e6 7. Qd2 Qb6
8. Nb3 Be7 9. O-O-O O-O 10. f3 a6 11. h4 1/2-1/2

[Event "2nd President's Cup"]
[Site "Baku AZE"]
[Date "2007.05.09"]
[Round "7"]
[White "Fedorov,Alex"]
[Black "Balogh,C"]
[Result "1/2-1/2"]
[WhiteElo "2611"]
[BlackElo "2617"]
[EventDate "2007.05.03"]

1. e4 c5 2. Nf3 Nc6 3. d4 cxd4 4. Nxd4 e6 5. Nb5 d6 6. c4 Nf6 7. N1c3 a6 8.
Na3 b6 9. Be2 Bb7 10. O-O Ne5 11. Qd4 1/2-1/2

[Event "2nd President's Cup"]
[Site "Baku AZE"]
[Date "2007.05.09"]
[Round "7"]
[White "Sadvakasov,D"]
[Black "Abbasov,F"]
[Result "1/2-1/2"]
[WhiteElo "2618"]
[BlackElo "2509"]
[EventDate "2007.05.03"]

1. e4 e6 2. d4 d5 3. Nc3 Nf6 4. Bg5 dxe4 5. Nxe4 Nbd7 6. Nf3 h6 7. Nxf6+
Nxf6 8. Be3 Nd5 9. Qd2 Nxe3 10. Qxe3 Bd6 11. O-O-O Bd7 12. Ne5 Qe7 13. Be2
O-O-O 14. f4 Kb8 15. Bf3 Bxe5 16. fxe5 Qg5 17. Rhe1 Bc8 18. c4 c6 19. Kc2
Qxe3 20. Rxe3 Rhf8 21. Kc3 f6 22. exf6 Rxf6 23. Rde1 Kc7 24. b4 Rf4 25. Re4
Rxe4 26. Rxe4 Rf8 27. Re5 Bd7 28. a4 a6 29. Kd3 Rf6 30. Ke3 Kd6 31. c5+ Ke7
32. h4 Rf8 33. g4 Rb8 34. g5 Rh8 35. Kf4 hxg5+ 36. Kxg5 Rh6 37. Re3 Rf6 38.
Bg4 Be8 39. Rf3 Rg6+ 40. Kf4 Rf6+ 41. Kg5 Rg6+ 42. Kf4 Rf6+ 43. Ke5 Rxf3
44. Bxf3 Bd7 45. Bg4 Bc8 46. Bh3 Bd7 47. Bg4 Bc8 48. Bf3 Bd7 49. Bg2
1/2-1/2

[Event "2nd President's Cup"]
[Site "Baku AZE"]
[Date "2007.05.09"]
[Round "7"]
[White "Malakhatko,V"]
[Black "Lomsadze,D"]
[Result "1-0"]
[WhiteElo "2598"]
[BlackElo "2268"]
[EventDate "2007.05.03"]

1. d4 Nf6 2. c4 c5 3. d5 e5 4. Nc3 d6 5. e4 g6 6. g3 Bg7 7. Bg2 O-O 8. Nf3
a6 9. a4 Nbd7 10. O-O Rb8 11. Ne1 Ne8 12. Nd3 Nc7 13. a5 b5 14. axb6 Nxb6
15. b3 f5 16. Qc2 Ne8 17. Ra3 Nf6 18. f3 Nbd7 19. Bd2 h5 20. h3 Nh7 21. Qc1
h4 22. g4 fxg4 23. fxg4 Rxf1+ 24. Qxf1 Ndf8 25. Nd1 Bf6 26. Qf2 Bg5 27. Ba5
Qd7 28. b4 cxb4 29. Bxb4 Bf4 30. c5 dxc5 31. Bxc5 Bg3 32. Qc2 Qb5 33. Nc3
Qc4 34. Ra4 Qb3 35. Qxb3 Rxb3 36. Ra3 Rxa3 37. Bxa3 a5 38. Bd6 Nd7 39. Bc7
Ba6 40. Nf2 Ng5 41. Bxa5 Kf7 42. Bd8 Nf6 43. Bb6 Bxf2+ 44. Kxf2 Bd3 45. Bd8
Ngxe4+ 46. Nxe4 Bxe4 47. Bxf6 Bxg2 48. Kxg2 Kxf6 49. Kf3 Ke7 50. Ke4 1-0

[Event "2nd President's Cup"]
[Site "Baku AZE"]
[Date "2007.05.09"]
[Round "7"]
[White "Sanikidze,T"]
[Black "Burmakin,V"]
[Result "1-0"]
[WhiteElo "2426"]
[BlackElo "2593"]
[EventDate "2007.05.03"]

1. d4 d5 2. c4 c6 3. Nf3 Nf6 4. Qb3 e6 5. Bg5 Nbd7 6. Nc3 h6 7. Bh4 dxc4 8.
Qxc4 Qb6 9. Rb1 Bb4 10. a3 Bxc3+ 11. Qxc3 O-O 12. e3 Nd5 13. Qd2 c5 14. e4
N5f6 15. e5 Nd5 16. Bc4 cxd4 17. O-O Qc5 18. Rbc1 b5 19. Ba2 Qb6 20. Bxd5
exd5 21. Be7 Re8 22. Bd6 Ba6 23. Rfe1 Rac8 24. Rxc8 Rxc8 25. Nxd4 Rc4 26.
Nf5 Bb7 27. e6 Nf6 28. Ne7+ Kh7 29. exf7 Nd7 30. Qd3+ Re4 31. Nxd5 Bxd5 32.
Rxe4 Bxf7 33. Re7+ Bg6 34. Qc3 1-0

[Event "2nd President's Cup"]
[Site "Baku AZE"]
[Date "2007.05.09"]
[Round "7"]
[White "Rustemov,A"]
[Black "Zozulia,A"]
[Result "1-0"]
[WhiteElo "2557"]
[BlackElo "2344"]
[EventDate "2007.05.03"]

1. c4 Nf6 2. Nc3 g6 3. g3 Bg7 4. Bg2 O-O 5. d4 d6 6. Nf3 Nc6 7. O-O a6 8.
d5 Na5 9. Nd2 c5 10. Rb1 Rb8 11. b3 b5 12. Bb2 Qc7 13. Qc2 Bd7 14. h3 bxc4
15. bxc4 Rb4 16. a3 Rb7 17. Ba1 Rxb1 18. Rxb1 Rb8 19. Rxb8+ Qxb8 20. Nd1
Qb6 21. Bc3 Ne8 22. Bxg7 Kxg7 23. f4 f6 24. Nb2 e5 25. dxe6 Bxe6 26. g4 Bf7
27. e3 Nc6 28. Kf2 Ne7 29. Qc3 d5 30. cxd5 Bxd5 31. Nbc4 Qc7 32. Qa5 Qxa5
33. Nxa5 Bxg2 34. Kxg2 Nd6 35. Kf3 f5 36. Nac4 Nb5 37. Nb3 Nc6 38. Nxc5 a5
39. Ke2 Nc3+ 40. Kd3 Nd5 41. g5 h6 42. h4 hxg5 43. hxg5 Nc7 44. Nb3 1-0

[Event "2nd President's Cup"]
[Site "Baku AZE"]
[Date "2007.05.09"]
[Round "7"]
[White "Davidov,S"]
[Black "Miezis,N"]
[Result "0-1"]
[WhiteElo "2326"]
[BlackElo "2521"]
[EventDate "2007.05.03"]

1. e4 c5 2. f4 Nc6 3. Nc3 g6 4. g3 Bg7 5. Bg2 d6 6. d3 e5 7. Nh3 h5 8. O-O
Bg4 9. Qe1 Nd4 10. fxe5 dxe5 11. Qf2 f6 12. Ng5 h4 13. h3 hxg3 14. Qxg3 Bh5
15. Nf3 Nxc2 16. Rb1 Ne7 17. Qf2 Bxf3 18. Bxf3 Nd4 19. Bg4 Qd6 20. Ne2 Qa6
21. Nxd4 cxd4 22. b4 Qxd3 23. Rb3 Qxe4 24. Bf3 Qf5 25. Qg2 Qe6 26. Bxb7 Rd8
27. Rg3 f5 28. Ra3 e4 29. Ra6 Rd6 30. Rxa7 e3 31. Re1 f4 32. Bf3 d3 33. Qg5
Qe5 34. Rxe7+ Qxe7 35. Qxf4 e2 36. Qc4 Qe6 37. Qb5+ Kf7 38. Bg4 Qe4 39. Qg5
Bd4+ 40. Kh2 Be5+ 41. Kg1 Rf6 42. Be3 Bd4 0-1

[Event "2nd President's Cup"]
[Site "Baku AZE"]
[Date "2007.05.09"]
[Round "7"]
[White "Zinchenko,Ya"]
[Black "Velikhanli,F"]
[Result "1-0"]
[WhiteElo "2513"]
[BlackElo "2310"]
[EventDate "2007.05.03"]

1. e4 c5 2. Nf3 Nc6 3. d4 cxd4 4. Nxd4 Nf6 5. Nc3 e5 6. Ndb5 d6 7. a4 a6 8.
Na3 Be6 9. Bc4 Rc8 10. Bg5 Be7 11. Bxf6 Bxf6 12. Nd5 Bg5 13. O-O O-O 14. c3
Ne7 15. Qb3 Bxd5 16. Bxd5 Nxd5 17. Qxd5 Qc7 18. Rfd1 Rfd8 19. Nc2 Qb6 20.
Qa2 Qc6 21. Rd5 Qc4 22. Qxc4 Rxc4 23. f3 g6 24. a5 f5 25. exf5 gxf5 26.
Rad1 Rc5 27. Nb4 Rxd5 28. Nxd5 Kf7 29. f4 Bh6 30. Kf2 Rc8 31. Nb6 Rc5 32.
fxe5 dxe5 33. Rd7+ Kg8 34. Nd5 Rxa5 35. Nf6+ Kf8 36. Nxh7+ Ke8 37. Nf6+ Kf8
38. Rxb7 Bc1 39. c4 Ra2 40. c5 Bxb2 41. c6 e4 42. Ke3 Bxf6 43. c7 Rc2 44.
Rb8+ Kf7 45. c8=Q Rxc8 46. Rxc8 Kg6 47. Rc6 a5 48. Kf4 a4 49. Ra6 a3 50. g3
a2 51. Rxa2 Bg5+ 52. Ke5 Bf6+ 53. Kd5 Kg5 54. Rf2 e3 55. Rf3 e2 56. Re3 f4
57. Rxe2 fxg3 58. Rg2 Kh4 59. Rxg3 Bd8 60. Ke4 Bc7 61. Rg2 Kh3 62. Kf3 Kh4
63. Rg7 Be5 64. Rh7+ Kg5 65. h4+ Kg6 66. Rb7 Ba1 67. Kg4 Kh6 68. Rb6+ Kh7
69. Kg5 Bc3 70. Rb7+ Bg7 71. Ra7 Kg8 72. Kg6 1-0

[Event "2nd President's Cup"]
[Site "Baku AZE"]
[Date "2007.05.09"]
[Round "7"]
[White "Magalashvili,D"]
[Black "Bregadze,L"]
[Result "1-0"]
[WhiteElo "2474"]
[BlackElo "2302"]
[EventDate "2007.05.03"]

1. e4 c5 2. Nf3 d6 3. g3 Nc6 4. Bg2 g6 5. O-O Bg7 6. d3 Nf6 7. Nbd2 O-O 8.
c3 Bd7 9. Re1 Qc8 10. a4 Bh3 11. Bh1 Rb8 12. Nc4 d5 13. exd5 Nxd5 14. Ng5
Bg4 15. Qb3 Qd7 16. Qb5 Rbc8 17. Ne4 b6 18. a5 Nc7 19. Nf6+ Bxf6 20. Qxc6
Qxc6 21. Bxc6 Ne6 22. Bg2 b5 23. Ne3 Bf5 24. Nxf5 gxf5 25. Bh3 Ng7 26. a6
Rfd8 27. Ra5 b4 28. cxb4 cxb4 29. Be3 Bd4 30. Bxd4 Rxd4 31. Rxe7 Rxd3 32.
Rxa7 Rd1+ 33. Kg2 Rd2 34. Bxf5 1-0

[Event "2nd President's Cup"]
[Site "Baku AZE"]
[Date "2007.05.09"]
[Round "7"]
[White "Khotenashvili,B"]
[Black "Guliev,L"]
[Result "0-1"]
[WhiteElo "2301"]
[BlackElo "2466"]
[EventDate "2007.05.03"]

1. e4 e5 2. Nc3 Nf6 3. g3 Bc5 4. Bg2 O-O 5. Nge2 c6 6. Na4 Bb4 7. a3 Ba5 8.
O-O d5 9. d3 Bg4 10. h3 Bh5 11. g4 Bg6 12. b4 Bc7 13. Ng3 b5 14. Nc5 Nfd7
15. Be3 d4 16. Nxd7 Nxd7 17. Bd2 a5 18. f4 exf4 19. Bxf4 Bxf4 20. Rxf4 axb4
21. axb4 Qe7 22. Rb1 Ra2 23. Ne2 Qd6 24. h4 f6 25. Rf2 Rfa8 26. Nf4 Bf7 27.
g5 Ne5 28. Bh3 fxg5 29. hxg5 Qe7 30. Rg2 R2a4 31. Nh5 Kh8 32. Ng3 g6 33.
Qf1 Ba2 34. Ra1 Be6 35. Rxa4 bxa4 36. Bxe6 Qxe6 37. Ne2 0-1

[Event "2nd President's Cup"]
[Site "Baku AZE"]
[Date "2007.05.09"]
[Round "7"]
[White "Rasulov,V"]
[Black "Dovliatov,S"]
[Result "0-1"]
[WhiteElo "2271"]
[BlackElo "2438"]
[EventDate "2007.05.03"]

1. e4 e5 2. Nf3 Nc6 3. Bb5 a6 4. Ba4 d6 5. d4 b5 6. Bb3 Nxd4 7. Nxd4 exd4
8. Bd5 Rb8 9. Bc6+ Bd7 10. Bxd7+ Qxd7 11. Qxd4 Nf6 12. O-O Be7 13. a4 O-O
14. Nc3 b4 15. Nd5 Nxd5 16. Qxd5 Bf6 17. f4 Rfe8 18. Re1 g6 19. Kf1 Qg4 20.
Qd3 a5 21. Rb1 Re7 22. Bd2 Rbe8 23. c3 b3 24. h3 Qd7 25. Ra1 Bh4 26. Re3
Qc6 27. Qb5 Qa8 28. Qxb3 Rxe4 29. Rxe4 Rxe4 30. c4 Qa6 31. Rc1 Bf6 32. Qb8+
Kg7 33. Qxc7 Bxb2 34. Rc2 Bf6 35. Kg1 Re2 36. Kf1 Re7 37. Qxa5 Qb7 38. Rc1
Qe4 39. Qd5 Qe2+ 40. Kg1 Bh4 41. Rf1 Re4 42. Bc3+ Kh6 43. Bd2 f5 44. Qxd6
Be7 45. Qd5 Bh4 46. a5 Rxc4 47. a6 Ra4 48. a7 Rxa7 49. Bb4 Bf2+ 50. Rxf2
Ra1+ 51. Kh2 Qxf2 52. Qe5 Rd1 53. Bc5 Qd2 54. Bf8+ Kh5 55. Qc7 h6 56. Bb4
Qxb4 0-1

[Event "2nd President's Cup"]
[Site "Baku AZE"]
[Date "2007.05.09"]
[Round "7"]
[White "Andreev,Ed UKR"]
[Black "Bayramov,V"]
[Result "1-0"]
[WhiteElo "2433"]
[BlackElo "2298"]
[EventDate "2007.05.03"]

1. e4 e5 2. Nf3 Nf6 3. Nxe5 d6 4. Nf3 Nxe4 5. Nc3 Nf6 6. d4 Bg4 7. h3 Bh5
8. Be3 Nbd7 9. Bd3 Nb6 10. Qe2 Be7 11. O-O-O O-O 12. g4 Bg6 13. d5 Nbxd5
14. Nxd5 Nxd5 15. Bxg6 Nxe3 16. Bxh7+ Kxh7 17. Qxe3 Re8 18. h4 Kg8 19. h5
Bf6 20. Qd2 Qd7 21. g5 Be5 22. Nxe5 Rxe5 23. h6 g6 24. f4 Rf5 25. Rde1 Kh7
26. Re4 Re8 27. Rhe1 Rxe4 28. Rxe4 d5 29. b3 f6 30. Re2 fxg5 31. fxg5 Rf7
32. Qd4 b6 33. Re5 c6 34. Kb2 Qd6 35. Re8 1-0

[Event "2nd President's Cup"]
[Site "Baku AZE"]
[Date "2007.05.09"]
[Round "7"]
[White "Mammadov,F"]
[Black "Morchiashvili,B"]
[Result "0-1"]
[WhiteElo "2222"]
[BlackElo "2396"]
[EventDate "2007.05.03"]

1. Nf3 Nf6 2. g3 b5 3. Bg2 Bb7 4. O-O e6 5. b3 c5 6. c4 a6 7. Nc3 b4 8. Na4
Be7 9. d4 cxd4 10. Bb2 d6 11. Bxd4 Nbd7 12. Qd2 a5 13. Rfd1 e5 14. Bb2 Qc7
15. a3 Rb8 16. axb4 axb4 17. Qg5 O-O 18. Nh4 Ne4 19. Qe3 Bg5 20. Qd3 Ndc5
21. Qc2 Bxh4 22. gxh4 f5 23. Nxc5 Nxc5 24. f3 Rbe8 25. Bc1 f4 26. Bd2 Qb6
27. Kh1 Ne6 28. Be1 Nd4 29. Qd3 Nf5 30. Bh3 e4 31. Qd2 exf3 32. e4 fxe3 0-1

[Event "2nd President's Cup"]
[Site "Baku AZE"]
[Date "2007.05.09"]
[Round "7"]
[White "Mamedjarova,Z"]
[Black "Hasanov,Shakhr"]
[Result "1-0"]
[WhiteElo "2354"]
[BlackElo "2247"]
[EventDate "2007.05.03"]

1. d4 g6 2. c4 Bg7 3. Nf3 Nf6 4. g3 O-O 5. Bg2 d6 6. O-O Nbd7 7. Nc3 e5 8.
e4 exd4 9. Nxd4 a6 10. h3 Re8 11. Re1 Rb8 12. Be3 Ne5 13. b3 c5 14. Nde2 b5
15. cxb5 axb5 16. Qc2 b4 17. Na4 Bb7 18. g4 Nxe4 19. Bxe4 Nxg4 20. Bxb7
Nxe3 21. fxe3 Rxb7 22. Rad1 Qg5+ 23. Kf1 Rxe3 24. Ng1 Rbe7 25. Rxe3 Rxe3
26. Qf2 Bd4 27. Nf3 Qh5 28. Kg2 Re4 29. Qf1 Be5 30. Re1 Rf4 31. Nxc5 Bc3
32. Nd3 Rf6 33. Re4 Qa5 34. Qe2 d5 35. Re7 Ra6 36. Re8+ Kg7 37. Qe7 Qxa2+
38. Kg3 Qb1 39. Qf8+ Kf6 40. Qh8+ Kf5 41. Re5+ 1-0

[Event "2nd President's Cup"]
[Site "Baku AZE"]
[Date "2007.05.09"]
[Round "7"]
[White "Agasiyev,Ka"]
[Black "Melia,S"]
[Result "1/2-1/2"]
[WhiteElo "2194"]
[BlackElo "2396"]
[EventDate "2007.05.03"]

1. d4 Nf6 2. c4 e6 3. Nf3 b6 4. a3 Ba6 5. Qc2 Bb7 6. Nc3 c5 7. e4 cxd4 8.
Nxd4 Nc6 9. Nxc6 Bxc6 10. Bf4 Nh5 11. Be3 Bc5 12. Bxc5 bxc5 13. Qd2 Qb8 14.
Be2 Nf4 15. O-O O-O 16. Bd1 e5 17. Rb1 Qd8 18. Qd6 f5 19. Qxe5 Qg5 20. Bf3
Nh3+ 21. Kh1 fxe4 22. Qxg5 Nxg5 23. Bg4 Nf7 24. b4 Ne5 25. Be2 d6 26. Kg1
Rf6 27. Rbd1 Rg6 28. Nd5 Bxd5 29. Rxd5 Rc8 30. bxc5 Rxc5 31. Rb1 Rc8 32.
Rdb5 Nf3+ 33. Kh1 Nd4 34. Rb8 Rf8 35. Rxf8+ Kxf8 36. Rb8+ Ke7 37. Bh5 Rg5
38. Re8+ Kd7 39. Rxe4 Rxh5 40. Rxd4 Ra5 41. Rd3 Rc5 42. Rd4 Ra5 43. g4 Rxa3
44. c5 Ra6 45. cxd6 Rxd6 46. Rf4 Rf6 47. Ra4 a6 48. Kg2 Kc7 49. f4 Kb6 50.
Kf3 Kb5 51. Re4 Rf7 52. Re5+ Kb4 53. Re4+ Kb5 54. Re5+ Kb6 55. Re6+ Kb5
1/2-1/2

[Event "2nd President's Cup"]
[Site "Baku AZE"]
[Date "2007.05.09"]
[Round "7"]
[White "Durarbeyli,V"]
[Black "Shukurova,M"]
[Result "1-0"]
[WhiteElo "2368"]
[BlackElo "2193"]
[EventDate "2007.05.03"]

1. e4 e5 2. Nf3 Nc6 3. Bb5 a6 4. Ba4 Nf6 5. O-O b5 6. Bb3 Bc5 7. c3 Bb6 8.
d4 Qe7 9. Re1 d6 10. h3 h6 11. a4 Rb8 12. axb5 axb5 13. Na3 O-O 14. Nxb5
Bd7 15. Bc2 Na5 16. Na3 c5 17. Be3 c4 18. Nb1 Bc7 19. Ra2 exd4 20. cxd4 Nc6
21. Nc3 Nb4 22. Ra1 Ra8 23. Rxa8 Rxa8 24. Bb1 Ba5 25. e5 Nfd5 26. Bd2 Nxc3
27. Bxc3 d5 28. Nh2 Bb6 29. f4 Nc6 30. Nf3 g6 31. Qd2 Qe6 32. Kh1 Ne7 33.
Nh2 h5 34. Nf3 Nf5 35. Ng5 Qc6 36. g4 hxg4 37. hxg4 Nh6 38. Qh2 Kg7 39. f5
Rh8 40. f6+ Kg8 41. Bxg6 fxg6 42. e6 Be8 43. Kg2 Bd8 44. Rf1 Qc7 45. Qxc7
Bxc7 46. Bb4 Bf7 47. Ra1 Bxe6 48. Ra8+ 1-0

[Event "2nd President's Cup"]
[Site "Baku AZE"]
[Date "2007.05.09"]
[Round "7"]
[White "Gassanov,A"]
[Black "Gavasheli,A"]
[Result "1-0"]
[WhiteElo "2353"]
[BlackElo "2175"]
[EventDate "2007.05.03"]

1. f4 d5 2. b3 c5 3. Nf3 Nc6 4. Bb2 Bf5 5. e3 e6 6. h3 d4 7. Na3 dxe3 8.
dxe3 Qxd1+ 9. Rxd1 a6 10. Ne5 Nb4 11. c3 Nd5 12. Kf2 Ngf6 13. Bd3 Ne4+ 14.
Kf3 Ndxc3 15. g4 Nxd1 16. Rxd1 Bxg4+ 17. hxg4 Nf6 18. g5 Nd5 19. Be4 Rd8
20. Rh1 h6 21. g6 f5 22. Bxd5 Rxd5 23. Nf7 Rg8 24. Nc4 Be7 25. Be5 b5 26.
Nb6 Rd2 27. Rc1 Bh4 28. e4 Rf2+ 29. Ke3 Rxa2 30. exf5 exf5 31. Nd6+ Kf8 32.
Nxf5 Bf2+ 33. Ke4 c4 34. Nd5 Bc5 35. bxc4 Ra4 36. Nc7 Ba3 37. Rd1 Rxc4+ 38.
Kf3 Be7 39. Rd8+ 1-0

[Event "2nd President's Cup"]
[Site "Baku AZE"]
[Date "2007.05.09"]
[Round "7"]
[White "Chigladze,I"]
[Black "Idrisov,T"]
[Result "1-0"]
[WhiteElo "2346"]
[BlackElo "2127"]
[EventDate "2007.05.03"]

1. d4 Nf6 2. c4 e6 3. Nc3 c5 4. d5 exd5 5. cxd5 d6 6. e4 g6 7. f4 Bg7 8.
Bb5+ Nfd7 9. a4 O-O 10. Nf3 a6 11. Be2 Re8 12. O-O Nf6 13. Nd2 Nbd7 14. Bf3
Rb8 15. Nc4 Qc7 16. Na3 c4 17. Kh1 Nc5 18. e5 dxe5 19. fxe5 Qxe5 20. Nxc4
Qc7 21. Bg5 Nfe4 22. Bxe4 Nxe4 23. Nxe4 Rxe4 24. Nd2 Rd4 25. Rc1 Qd6 26.
Qe1 Bf5 27. Nc4 Qxd5 28. Ne3 Qe4 29. Nxf5 gxf5 30. Qg3 Rbd8 31. Bf6 Qg4 32.
Bxd4 Qxd4 33. b3 Kh8 34. Rxf5 Rg8 35. Qf3 Qb2 36. Rf1 f6 37. Rh5 1-0

[Event "2nd President's Cup"]
[Site "Baku AZE"]
[Date "2007.05.09"]
[Round "7"]
[White "Rahmanov,S"]
[Black "Aroshidze,L"]
[Result "1-0"]
[WhiteElo "2148"]
[BlackElo "2500"]
[EventDate "2007.05.03"]

1. d4 Nf6 2. c4 e6 3. Nc3 Bb4 4. e3 O-O 5. Nge2 d5 6. a3 Be7 7. cxd5 exd5
8. Ng3 Re8 9. Be2 Nbd7 10. O-O Nf8 11. b4 c6 12. Bd2 a6 13. Qb1 Bd6 14. a4
Ng4 15. Bxg4 Bxg4 16. b5 Qh4 17. f4 Re6 18. bxa6 bxa6 19. Nf5 Bxf5 20. Qxf5
Bb4 21. Qd3 Bxc3 22. Bxc3 Nd7 23. Rab1 Nf6 24. Be1 Qh6 25. Rf3 Ree8 26. Rb6
Ne4 27. Rxa6 Rab8 28. Qc2 Rec8 29. Rf1 Qd6 30. Bg3 Qa3 31. Qc1 Qd3 32. Rxc6
Rxc6 33. Qxc6 h5 34. Qc1 Qe2 35. Re1 Qa2 36. Qa1 Qc2 37. Qd1 Qc3 38. Qc1
Qa5 39. f5 Rb3 40. Bh4 Qxa4 41. Qc8+ Kh7 42. f6 gxf6 43. Qf5+ Kg7 44. Qxd5
Nc3 45. Bxf6+ Kf8 46. Qd8+ 1-0

[Event "2nd President's Cup"]
[Site "Baku AZE"]
[Date "2007.05.09"]
[Round "7"]
[White "Allajov,R"]
[Black "Akhmedov,F"]
[Result "1-0"]
[WhiteElo "2093"]
[BlackElo "2265"]
[EventDate "2007.05.03"]

1. e4 b6 2. d4 Bb7 3. Nc3 e6 4. Nf3 Bb4 5. Bd3 c5 6. dxc5 Bxc3+ 7. bxc3
bxc5 8. O-O Qc7 9. Qe2 e5 10. Rb1 Bc6 11. Nh4 Ne7 12. Nf5 Nxf5 13. exf5 d6
14. f4 Nd7 15. fxe5 dxe5 16. Bg5 f6 17. Qh5+ Ke7 18. Bc4 Raf8 19. Be3 Qa5
20. Qg4 Qxc3 21. Bxc5+ Kd8 22. Bxf8 Rxf8 23. Rfd1 Kc7 24. Be6 g5 25. fxg6
f5 26. Bxf5 Nf6 27. Qe2 hxg6 28. Bh3 Qc5+ 29. Qf2 Qxf2+ 30. Kxf2 g5 31. Be6
Nh5+ 32. Kg1 Nf4 33. Bg4 Nxg2 34. Rf1 Nf4 35. Rfe1 e4 36. Rb3 Ng6 37. Rg3
Ne5 38. Be2 Rf5 39. Ra3 Nf3+ 40. Bxf3 exf3 41. Kf2 Rc5 42. Rc1 g4 43. Rxa7+
Kb6 44. Rg7 Rh5 45. Rxg4 Rxh2+ 46. Ke3 1-0

[Event "2nd President's Cup"]
[Site "Baku AZE"]
[Date "2007.05.10"]
[Round "8"]
[White "Mamedov,Nid"]
[Black "Fedorov,Alex"]
[Result "1/2-1/2"]
[WhiteElo "2547"]
[BlackElo "2611"]
[EventDate "2007.05.03"]

1. e4 c5 2. Nf3 e6 3. d4 cxd4 4. Nxd4 a6 5. Bd3 Bc5 6. Nb3 Be7 7. O-O d6 8.
Qe2 b6 9. f4 Bb7 10. Nc3 Nd7 11. Bd2 g6 12. Rae1 Qc7 13. Kh1 h5 14. e5 h4
15. exd6 Bxd6 16. Be4 Ngf6 17. Bxb7 Qxb7 18. Ne4 Nxe4 19. Qxe4 Qxe4 20.
Rxe4 Rc8 21. c3 b5 22. Re2 Nb6 23. Be3 Nd5 24. Bd4 Rh5 25. Ref2 Kd7 26. Kg1
f6 27. Rf3 b4 28. cxb4 Bxb4 29. Rc1 Rf5 30. Rxc8 Kxc8 31. Bc5 Kd7 32. g4
hxg3 33. hxg3 g5 34. Rd3 Bxc5+ 1/2-1/2

[Event "2nd President's Cup"]
[Site "Baku AZE"]
[Date "2007.05.10"]
[Round "8"]
[White "Malakhatko,V"]
[Black "Zubarev,Al1"]
[Result "1-0"]
[WhiteElo "2598"]
[BlackElo "2511"]
[EventDate "2007.05.03"]

1. d4 g6 2. c4 Bg7 3. Nc3 d6 4. e4 Nf6 5. Nf3 O-O 6. Be2 Bg4 7. Be3 Nfd7 8.
Qb3 Bxf3 9. Bxf3 Nc6 10. Rd1 e5 11. dxe5 dxe5 12. Ne2 Qe7 13. O-O Rfb8 14.
g3 a5 15. Qc2 a4 16. Bg2 Nc5 17. Rd2 Nb4 18. Qb1 a3 19. b3 Ne6 20. f4 Rd8
21. f5 Rxd2 22. Bxd2 Nd4 23. Nxd4 exd4 24. f6 Bxf6 25. Bxb4 Qxb4 26. Rxf6
Qc3 27. Rf2 d3 28. Qd1 f5 29. exf5 Re8 30. Bf1 Re1 31. Qd2 Qd4 32. Qxe1 1-0